000
00205nmm a2200085Ia 4500
008
220120s9999||||xx |||||||||||||||||und||
100
_a
Linux for you
245
0
_a
Fedora 20; Installation DVD
260
_c
2014
999
_c
139881
_d
139881